[Event "Manizales op 21st"]
[Site "Manizales"]
[Date "2009.01.09"]
[Round "3"]
[White "Diaz, Jacobo"]
[Black "Osorio Bedoya, Jeisson"]
[Result "0-1"]
[WhiteElo "1600"]
[BlackElo "1697"]
[PlyCount "74"]
[EventDate "2009.01.08"]
[EventType "swiss"]
[EventRounds "7"]
[EventCountry "COL"]
[SourceTitle "CBM 128 Extra"]
[Source "ChessBase"]
[SourceDate "2009.03.05"]
[SourceVersion "2"]
[SourceVersionDate "2009.03.25"]
[SourceQuality "1"]

1. e4 e5 2. Nf3 Nf6 3. Nc3 Bb4 4. Bc4 d6 5. h3 Bxc3 6. dxc3 Nxe4 7. Qd5 Be6 8. Qxe4 d5 9. Bxd5 Qxd5 10. Qxe5 Qxe5+ 11. Nxe5 f6 12. Nf3 Bd5 13. Ke2 Kf7 14. Rd1 Bc4+ 15. Ke1 Re8+ 16. Be3 f5 17. Rd4 Ba6 18. c4 Nc6 19. Rd7+ Kg8 20. Kd2 Bxc4 21. Rxc7 Rad8+ 22. Kc3 Ba6 23. a4 Rc8 24. Rxc8 Rxc8 25. Kd2 Rd8+ 26. Kc3 Rc8 27. Kb3 Na5+ 28. Kb4 b6 29. Rc1 Bb7 30. b3 h6 31. h4 Bxf3 32. gxf3 Nc6+ 33. Kb5 h5 34. Bf4 Nd4+ 35. Ka6 Ne2 36. Rd1 Nxf4 37. c4 Rc7 0-1